Представление документа в формате RUSMARC

Поле Инд. ПП Название Значение
Тип записи a
Библиографический уровень a
001 Контрольный номер 0c35903989044db3add958c9022ba09d
005 Дата корректировки 20190129133357.1
100 a Данные общей обработки 20190129 ||| 0rusy0189 ca
101 0_ a Язык текста rus
102 a Страна публикации RU
200 1_ f Первые сведения об ответственности Е. Мартемьянова
a Заглавие Соблюдение порядка проведения инвентаризации как условие взыскания причиненного ущерба
b Общее обозначение материала Текст
210 1_ d Дата издания 2018
461 _0 1 2000
a Трудовое право
463 _0 1 2000
a № 12
v С. 5-13
1 2101
d 2018
1 0011d8b957256d1489a88b912afa942aff3
606 a Основная рубрика Трудовое право
610 0_ a Ключевые слова МАТЕРИАЛЬНАЯ ОТВЕТСТВЕННОСТЬ
700 _1 a Фамилия Мартемьянова
b Имя Е.
801 _0 a Страна RU
b Организация РГУП
c Дата составления 20190129
g Правила каталогизации PSBO
801 _1 a Страна RU
b Организация РГУП
c Дата составления 20190129
g Правила каталогизации PSBO
901 t Тип документа b
w Контрольный № источника 1d8b957256d1489a88b912afa942aff3
905 a Дата ввода 20190129